000
00236nam a2200085Ia 4500
245
0
_a
Looking at Afghanistan
100
_a
POHL, Kathleen Pleasantville, NY, 2009
_9
79471
942
_c
BK
008
210818s9999 xx 000 0 und d
999
_c
434880
_d
434880